| 000 | 00362nam a2200145Ia 4500 | ||
|---|---|---|---|
| 008 | 210210b1969 xxu||||| |||| 00| 0 eng d | ||
| 082 | _a301 OBRR | ||
| 100 | _aO'BRIEN (Robert W) & Others. | ||
| 245 | _aReading in general sociology. | ||
| 250 | _a | ||
| 260 |
_aNew York _bHoughton Mifflin Co. _c1969 |
||
| 300 | _a545 | ||
| 690 | _aSociology | ||
| 906 | _a032283 | ||
| 999 |
_c83214 _d83214 |
||